Petit-bac ville française - Statistiques

Statistiques générales
  • Ce quiz a été pris 1 500 fois
  • Le résultat moyen est 15 sur 26
Statistiques - réponses
Lettres Ville % Correct
A Amiens / Angers / Argenteuil / Alençon / Angoulême / Annecy / Avignon / Aix-en-Provence / Ajaccio / Albi / Antibes / Arles / Agen / Agde / Aubagne
95%
B Bordeaux / Brest / Besançon / Béziers / Bayonne / Belfort / Blois / Boulogne-Billancourt / Biarritz / Bourg-en-Bresse / Beauvais / Boulogne-sur-Mer / Bergerac
95%
P Paris / Perpignan / Pau / Poitiers / Pantin / Pontoise / Périgueux / Plaisance-du-Touch / Pessac / Pontivy
93%
C Calais / Cannes / Charleville-Mézières / Clermont-Ferrand / Colmar / Carcassonne / Courbevoie / Chambéry / Cholet / Cagnes-sur-Mer / Compiègne / Caen / Cayenne / Clichy / Créteil / Châlons-en-Champagne / Chalon-sur-Saône / Creil / Castres / Cognac / Cannet-en-Roussillon / Cachan / Corbeil-Essonnes / Cambrai
92%
L Lille / Lyon / Limoges / Lorient / Lourdes / Laon / Lens / Lisieux / Lunéville
92%
M Marseille / Le Mans / Montpellier / Metz / Mulhouse / Montreuil / Melun / Meaux / Montrouge / Mérignac / Maison-Alfort / Millau / Mantes-la-Jolie / Montbéliard
92%
N Nantes / Nancy / Nevers / Nice / Nîmes / Nanterre / Narbonne / Neuilly-sur-Seine / Niort / Noisy-le-Grand
91%
T Toulouse / Toulon / Tourcoing / Tours / Thionville / Troyes / Tremblay-en-France / Tarbes
87%
R Rennes / Reims / Rungis / Roanne / Rouen / La Rochelle / Rochefort / Romans-sur-Isère/ Roubaix
86%
S Strasbourg / Saint-Denis / Saint-Etienne / Saint-Dizier / Sarcelles / Saint-Malo / Soissons / Sète / Saint-Nazaire / Saint-Quentin / Sedan / Saint-Brieuc
84%
D Dijon / Dunkerque / Dreux / Douai / Draguignan / Dieppe / Digne-les-Bains / Décines-Charpieu / Dammarie-les-Lys / Deuil-la-Barre / Dinan
83%
V Villeurbanne / Villejuif / Valence / Versailles / Vénissieux / Vichy / Vitry-sur-Seine / Vannes / Villeneuve-d'Ascq / Vaulx-en-Velin
70%
O Orange / Orléans / Orly / Osny / Oullins
64%
G Grenoble / Gap / Gagny / Gennevilliers / Guyancourt / Grigny / Goussainville
61%
E Evreux / Evry-Courcouronnes / Epinal / Epernay / Elancourt / Épinay-sur-Seine / Etampes / Etretat
54%
Q Quimper / Quint-Fonsegrives
53%
H Le Havre / Hyères / Haguenau / Houilles / Héricourt / Harnes
46%
F Fontainebleau / Fréjus / Fort-de-France / Foix / Fougères / Francheville / Fleury-Mérogis
40%
I Ivry-sur-Seine / Istres / Issy-les-Moulineaux / Igny / Issoire / Illzach / Isbergues
36%
J Joinville-le-Pont / Joué-lès-Tours / Juvisy-sur-Orge / Jouy-le-Moutier / Juvisy-sur-Orge / Jarny
10%
Y Yerres
9%
K Kingersheim / Kourou
7%
U Uzès
7%
W Woippy
5%
X Xertigny
1%
Z Zillisheim
0%
Aucun quiz correspondant
Distribution des résultats
% des personnes avec chaque résultat
Percentile par nombre de réponses
Votre historique - résultats
Vous n’avez pas pris ce quiz